Stykové obvody mikropočítačov /

Saved in:
Bibliographic Details
Main Author: Burger, Ivan (Author)
Format: Book
Published: Bratislava : Alfa, 1990
Tags: Add Tag
No Tags, Be the first to tag this record!

MARC

LEADER 00000nam a22000003a 4500
001 stu16501
005 20150617225754.6
008 ------s1990----cs----------------------d
040 |a STU  |b slo 
041 0
044 |a cs 
080 |a 621.38.049.77 
080 |a 681.326.32 
100 1 |a Burger, Ivan  |4 aut 
245 1 |a Stykové obvody mikropočítačov /  |c [aut.]Burger,Ivan 
260 |a Bratislava :  |b Alfa,  |c 1990 
300 |a 309 :  |b Tab.,grafy,lit 
996 |b C86590  |c C*86590  |l CCVI  |s P  |a 0  |w stu16501_0001